[Event "Milan Crespi op-B 33rd"]
[Site "Milan"]
[Date "2012.12.09"]
[Round "6"]
[White "Deghi, Donatello"]
[Black "D'Orta, Antonio"]
[Result "0-1"]
[WhiteElo "1800"]
[BlackElo "1934"]
[PlyCount "140"]
[EventDate "2012.12.05"]
[EventType "swiss"]
[EventRounds "7"]
[EventCountry "ITA"]
[SourceTitle "EXT 2015"]
[Source "ChessBase"]
[SourceDate "2014.11.20"]
[SourceVersion "1"]
[SourceVersionDate "2014.11.20"]
[SourceQuality "1"]

1. d4 c6 2. f4 d5 3. Nf3 Nf6 4. e3 Bg4 5. Be2 e6 6. Nbd2 Nbd7 7. c3 h6 8. b3 Qa5 9. b4 Qb6 10. Bb2 a5 11. a3 Be7 12. 0-0 Bf5 13. Ne5 0-0 14. g4 Bh7 15. g5 hxg5 16. fxg5 Nxe5 17. gxf6 Bxf6 18. dxe5 Qxe3+ 19. Kh1 Bxe5 20. Nf3 Be4 21. Bc1 Qxc3 22. Ra2 axb4 23. Bb2 Qe3 24. Bxe5 Bxf3+ 25. Rxf3 Qxe5 26. a4 c5 27. Bf1 Qe4 28. Bg2 Qg4 29. Bh3 Qe4 30. Bg2 Qc4 31. Rc2 Qa6 32. Rxc5 Qxa4 33. Qd3 Qa1+ 34. Bf1 Rac8 35. Qb5 Rxc5 36. Qxc5 Qd1 37. Kg2 Qd2+ 38. Kg1 Qe1 39. Rh3 g6 40. Rh8+ Kxh8 41. Qxf8+ Kh7 42. Qxf7+ Kh6 43. Qf8+ Kg5 44. Qe7+ Kg4 45. h3+ Kf5 46. Qf7+ Ke5 47. Qg7+ Kd6 48. Qf8+ Kc6 49. Qe8+ Kc5 50. Qb5+ Kd4 51. Qd3+ Ke5 52. Qxg6 Qe3+ 53. Kh2 Qf4+ 54. Kg1 Qe3+ 55. Kh2 b3 56. Qg7+ Ke4 57. Qg6+ Kd4 58. Qf6+ Qe5+ 59. Qxe5+ Kxe5 60. Bd3 Kf4 61. Kg2 e5 62. Kf2 e4 63. Bb1 b5 64. h4 Kg4 65. Ke3 Kxh4 66. Kd4 Kg3 67. Kxd5 e3 68. Bd3 b2 69. Kc5 e2 70. Bxe2 b1Q 0-1

[Event "Milan Befana op"]
[Site "Milan"]
[Date "2011.01.06"]
[Round "6"]
[White "Morselli, Stefano"]
[Black "Deghi, Donatello"]
[Result "1-0"]
[WhiteElo "1894"]
[BlackElo "1822"]
[PlyCount "137"]
[EventDate "2011.01.02"]
[EventType "swiss"]
[EventRounds "6"]
[EventCountry "ITA"]
[SourceTitle "EXT 2012"]
[Source "ChessBase"]
[SourceDate "2011.11.24"]
[SourceVersion "1"]
[SourceVersionDate "2011.11.24"]
[SourceQuality "1"]

1. Nf3 Nf6 2. g3 b6 3. Bg2 Bb7 4. d3 c5 5. e4 d6 6. 0-0 Qc7 7. Re1 Nbd7 8. c3 g6 9. Nbd2 Bg7 10. d4 0-0 11. e5 Ng4 12. h3 Nh6 13. e6 fxe6 14. Ng5 Rfe8 15. Nxe6 Qc8 16. Nf3 Nf7 17. Qe2 Nf8 18. Nfg5 Bxg2 19. Kxg2 Nxg5 20. Bxg5 Nxe6 21. Qxe6+ Qxe6 22. Rxe6 cxd4 23. cxd4 Bxd4 24. Rxe7 Rxe7 25. Bxe7 Bxb2 26. Rd1 Ba3 27. Rd2 Kf7 28. Bxd6 Rd8 29. Bf4 Rxd2 30. Bxd2 Ke6 31. f4 Kd5 32. Kf3 Kd4 33. g4 Kd5 34. f5 gxf5 35. gxf5 Ke5 36. Kg4 Kf6 37. Bc3+ Kf7 38. Kg5 Bf8 39. Be5 b5 40. Bc7 Bg7 41. Ba5 Bd4 42. Kf4 Bf6 43. Ke4 Bb2 44. Be1 Ke7 45. Bh4+ Bf6 46. Bf2 a6 47. Kd5 Kd7 48. Bg3 b4 49. Kc5 a5 50. Kb5 Bd8 51. Bf4 h5 52. Bg3 h4 53. Bf4 Ke8 54. Be5 Kf7 55. Bd4 Bf6 56. Bb6 Bc3 57. Bxa5 Kf6 58. Bd8+ Kxf5 59. Bxh4 Kf4 60. Be7 Kg3 61. Bxb4 Bf6 62. Bc5 Kxh3 63. a4 Bc3 64. Bb4 Bd4 65. a5 Kg4 66. Bc5 Be5 67. a6 Bb8 68. Kb6 Kf5 69. Kb7 1-0